Concreto permeable: diseño de mezclas para evaluar su resistencia a la compresión uniaxial y su permeabilidad

Guardado en:
Bibliografiske detaljer
Hovedforfatter: Fernández Arrieta, Roberto José
Format: Bog
Udgivet: [San José, Costa Rica] 2008
Fag:
Tags: Tilføj Tag
Ingen Tags, Vær først til at tagge denne postø!

MARC

LEADER 00000nam a2200000Ia 4500
003 001195
005 20221231144057.0
008 140114s2008 cr a 000 ||s d
040 |c cru CEDI 
090 |a TFG 5717 
100 |a Fernández Arrieta, Roberto José   |9 4206 
245 |a Concreto permeable: diseño de mezclas para evaluar su resistencia a la compresión uniaxial y su permeabilidad  
260 |c 2008  |b [San José, Costa Rica] 
300 |a 1 volumen (en varias paginaciones); ilustraciones a color; + 1 disco óptico de computador (4 3/4 plg.) 
500 |a Tesis (licenciatura en ingeniería civil)--Universidad de Costa Rica. Escuela de Ingeniría Civi 
650 |x HORMIGON  |x  MEZCLAS  |x  PERMEABILIDAD   |x RESISTENCIA DE MATERIALES   |9 4207 
942 |c TFG 
999 |c 16542  |d 16542